| Tag |
First Indicator |
Second Indicator |
Subfields |
| LEADER |
00000cam a2200000 i 4500 |
| 001 |
in00005697721 |
| 005 |
20260318164926.5 |
| 006 |
m o d |
| 007 |
cr cnu---unuuu |
| 008 |
220930t20232023enka ob 001 0 eng d |
| 040 |
|
|
|a STBDS
|b eng
|e rda
|e pn
|c STBDS
|d UIU
|d YDX
|d OCLCF
|d EBLCP
|d OCLCQ
|d UPM
|d N$T
|d UKAHL
|d OCLCQ
|d OCLCA
|d IUL
|d OCLCO
|d OCLCL
|d OCLCA
|d OCLCQ
|
| 019 |
|
|
|a 1367864083
|
| 020 |
|
|
|a 9780191966897
|q electronic book
|
| 020 |
|
|
|a 0191966894
|q electronic book
|
| 020 |
|
|
|z 9780192846945
|q print
|
| 020 |
|
|
|a 9780192662446
|q (electronic bk.)
|
| 020 |
|
|
|a 0192662449
|q (electronic bk.)
|
| 020 |
|
|
|z 0192846949
|
| 024 |
7 |
|
|a 10.1093/oso/9780192846945.001.0001
|2 doi
|
| 035 |
|
|
|a (OCoLC)1352405124
|z (OCoLC)1367864083
|
| 043 |
|
|
|a e-uk-en
|
| 050 |
|
4 |
|a HF5459.G7
|b T38 2023
|
| 050 |
0 |
4 |
|a TX370
|
| 082 |
0 |
4 |
|a 381/.45641309421
|2 23/eng/20221214
|
| 082 |
0 |
4 |
|a 394.1/2003
|2 23
|
| 049 |
|
|
|a TXAM
|
| 100 |
1 |
|
|a Taverner, Charlie,
|e author.
|
| 245 |
1 |
0 |
|a Street food :
|b hawkers and the history of London /
|c Charlie Taverner.
|
| 250 |
|
|
|a First edition.
|
| 264 |
|
1 |
|a Oxford ;
|a New York, NY :
|b Oxford University Press,
|c 2023.
|
| 264 |
|
4 |
|c ©2023
|
| 300 |
|
|
|a 1 online resource (256 pages) :
|b illustrations (color).
|
| 336 |
|
|
|a text
|b txt
|2 rdacontent
|
| 337 |
|
|
|a computer
|b c
|2 rdamedia
|
| 338 |
|
|
|a online resource
|b cr
|2 rdacarrier
|
| 504 |
|
|
|a Includes bibliographical references and index.
|
| 505 |
0 |
|
|a List of Illustrations -- Note to the Reader -- Introduction: Hawkers and the history of London -- Historians and hawkers -- Medieval capital to metropolis -- 1. People -- Fishwives and costermongers -- All sorts of Londoners -- The status of street sellers -- Hawkers at home -- 2. Workers -- Gutter merchants -- Aristocracy of the kerb -- The costermonger class -- 3. Street food -- Garden city -- Perishing commodities -- As regular as the weather permits -- Movable feasts -- The metropolitan diet -- 4. Markets -- Liberty of the markets -- In defence of hawkers -- Friends of the poor -- 5. Retailers -- About the streets -- Keeping score -- Carnivals of shopping -- 6. Tools -- Shops on their heads -- Barrow wheelers -- The coster's companion -- 7. Traffic -- Broken pavements -- Around the clock -- Crossing the road -- 8. Nuisances -- The costermongers' charter -- Infamous wretches -- Preventing free passage -- 9. Voices -- Tortures of the ear -- The crying art -- Declaring the seasons -- The end of the cries? -- Epilogue: The return of street food -- Curating street food -- Hawkers past and present -- Notes -- Appendix: Identifying street sellers, 1600-1825 -- Bibliography -- Index.
|
| 520 |
3 |
|
|a This is a social, economic, and cultural history of food hawking in London, which challenges how we think about street food and urban life in both the past and present. Focused on London between the late sixteenth and early twentieth centuries, the book reconstructs the working lives of the poor women and men who sold fruit, fish, vegetables, milk, and dishes like pies and sausages on the streets, outside the formal economy of markets and shops. It demonstrates the complexity and sophistication of hawkers' work, as well as their vital roles in feeding the city during a critical period of expansion. It also shows how a deeper understanding of street selling provides a new perspective on key debates and issues within metropolitan history, including the improvement of the streets, economic polarization, the rise of retail and shopkeeping, working class diets, the gender division of labour, and the grand narrative of modernization. Finally, the book reflects on the demise of London street trading over the twentieth century and the emergence of a gastronomic street food trend since the 2007-8 financial crisis-highlighting the differences with hawkers' historical experience and that of street vendors around the world today.
|
| 588 |
|
|
|a Description based on online resource; title from home page (Oxford Academic, viewed October 11, 2023).
|
| 650 |
|
0 |
|a Peddlers
|z England
|z London
|x History.
|
| 650 |
|
0 |
|a Street-food vendors (Persons)
|z England
|z London
|x History.
|
| 650 |
|
0 |
|a Street food
|z England
|z London
|x History.
|
| 650 |
|
6 |
|a Colporteurs
|z Angleterre
|z Londres
|x Histoire.
|
| 650 |
|
6 |
|a Vendeurs d'aliments de rue
|z Angleterre
|z Londres
|x Histoire.
|
| 650 |
|
6 |
|a Alimentation de rue
|z Angleterre
|z Londres
|x Histoire.
|
| 650 |
|
7 |
|a Peddlers
|2 fast
|
| 650 |
|
7 |
|a Street food
|2 fast
|
| 650 |
|
7 |
|a Street-food vendors (Persons)
|2 fast
|
| 651 |
|
7 |
|a England
|z London
|2 fast
|1 https://id.oclc.org/worldcat/entity/E39PBJp68ckpMtKGHPFWQrwDMP
|
| 650 |
|
7 |
|a Business & Management.
|2 thema
|
| 650 |
|
7 |
|a Industry.
|2 ukslc
|
| 655 |
|
7 |
|a Electronic books.
|2 local
|
| 655 |
|
7 |
|a History
|2 fast
|
| 776 |
0 |
8 |
|i Print version:
|t Street food : hawkers and the history of London.
|b First edition.
|d Oxford : Oxford University Press, 2023
|z 9780192846945
|w (DLC) 2022942790
|w (OCoLC)1336954634
|
| 856 |
4 |
0 |
|u http://proxy.library.tamu.edu/login?url=https://academic.oup.com/book/44665
|z Connect to the full text of this electronic book
|t 0
|
| 955 |
|
|
|a Oxford Scholarship Online
|
| 994 |
|
|
|a 92
|b TXA
|
| 999 |
f |
f |
|i 07e4443f-5c2f-4169-892b-b67e2c646047
|s 23a6ccfe-b4b3-4d30-9573-8f9b3393591f
|t 0
|
| 952 |
f |
f |
|a Texas A&M University
|b College Station
|c Electronic Resources
|s www_evans
|d Available Online
|t 0
|e HF5459.G7 T38 2023
|h Library of Congress classification
|
| 998 |
f |
f |
|a HF5459.G7 T38 2023
|t 0
|l Available Online
|